Toutes les recrues du PSG depuis 2020 - Statistiques

Statistiques générales
  • Ce quiz a été pris 210 fois
    32 depuis la dernière actualisation
  • Le résultat moyen est 36 sur 41
Statistiques - réponses
Année Nationalité Provenance Poste Joueur % Correct
21/22 Marocain Inter Milan Défenseur Achraf Hakimi
100%
22/23 Espagnol SSC Naples Milieu Fabian Ruiz
100%
21/22 Argentin FC Barcelone Attaquant Lionel Messi
100%
22/23 Portugais FC Porto Milieu Vitinha
100%
23/24 Français Olympique Lyonnais Attaquant Bradley Barcola
95%
22/23 Espagnol FC Valence Milieu Carlos Soler
95%
24/25 Français Stade Rennais Attaquant/Milieu Désiré Doué
95%
25/26 Espagnol FC Barcelone Milieu Dro Fernandez
95%
21/22 Italien AC Milan Gardien Gianluigi Donnarumma
95%
22/23 Français Stade de Reims Attaquant Hugo Ekitike
95%
25/26 Français LOSC Gardien Lucas Chevalier
95%
24/25 Russe Krasnodar Gardien Matvey Safonov
95%
20/21 Argentin Inter Milan Attaquant Mauro Icardi
95%
21/22 Portugais Sporting Portugal Défenseur Nuno Mendes
95%
23/24 Français FC Barcelone Attaquant Ousmane Dembélé
95%
24/25 Equatorien Eintracht Francfort Défenseur Willian Pacho
95%
21/22 Néherlandais Liverpool Milieu Georginio Wijnaldum
91%
23/24 Portugais Benfica Lisbonne Attaquant Gonçalo Ramos
91%
24/25 Portugais Benfica Lisbonne Milieu Joao Neves
91%
23/24 Brésilien Sao Paulo Défenseur Lucas Beraldo
91%
25/26 Italien AS Roma Gardien Renato Marin
91%
21/22 Espagnol Real Madrid Défenseur Sergio Ramos
91%
23/24 Espagnol Barcelone B Gardien Arnau Tenas
86%
20/21 Portugais FC Porto Milieu/Défenseur Danilo Pereira
86%
25/26 Ukrainien AFC Bournemouth Défenseur Ilya Zabarnyi
86%
23/24 Coréen UCD Mallorque Attaquant/Milieu Kang-In Lee
86%
23/24 Français Bayern Munich Défenseur Lucas Hernandez
86%
23/24 Uruguayen Sporting Portugal Milieu Manuel Ugarte
86%
23/24 Slovaque Inter Milan Défenseur Milan Skriniar
86%
23/24 Français Eintracht Francfort Attaquant Randal Kolo Muani
86%
24/25 Géorgien SSC Naples Attaquant Khvicha Kvaratskhelia
82%
22/23 Portugais LOSC Milieu Renato Sanches
82%
20/21 Espagnol FC Séville Gardien Sergio Rico
82%
20/21 Français US Orléans Gardien Alexandre Letellier
77%
23/24 Italien Benfica B Milieu Cher Ndour
77%
23/24 Espagnol Real Madrid Attaquant Marco Asensio
77%
20/21 Italien Everton Attaquant Moise Kean
77%
22/23 Français RB Leipzig Défenseur Nordi Mukiele
77%
20/21 Italien AS Rome Défenseur Alessandro Florenzi
73%
23/24 Brésilien Corinthians Milieu Gabriel Moscardo
73%
20/21 Brésilien FC Barcelone Milieu Rafinha
73%
Aucun quiz correspondant
Distribution des résultats
% des personnes avec chaque résultat
Percentile par nombre de réponses
Votre historique - résultats
Vous n’avez pas pris ce quiz depuis la dernière actualisation